<?xml version="1.0" encoding="UTF-8"?>
<record
    xmlns:xsi="http://www.w3.org/2001/XMLSchema-instance"
    xsi:schemaLocation="http://www.loc.gov/MARC21/slim http://www.loc.gov/standards/marcxml/schema/MARC21slim.xsd"
    xmlns="http://www.loc.gov/MARC21/slim">

  <leader>01204nam a22002297a 4500</leader>
  <controlfield tag="003">BI-BuBU</controlfield>
  <controlfield tag="008">260605b           ||||| |||| 00| 0 fre d</controlfield>
  <datafield tag="039" ind1=" " ind2=" ">
    <subfield code="a">20260605082847.0</subfield>
    <subfield code="b">Jean Baptiste NDIKUMANA</subfield>
    <subfield code="c">20260609104247.0</subfield>
    <subfield code="d">Joella Nshimirimana</subfield>
  </datafield>
  <datafield tag="040" ind1=" " ind2=" ">
    <subfield code="a">BI-BuBU</subfield>
    <subfield code="b">fre</subfield>
    <subfield code="c">BI-BuBU</subfield>
    <subfield code="d">BI-BuBU</subfield>
  </datafield>
  <datafield tag="080" ind1=" " ind2=" ">
    <subfield code="a">325.11</subfield>
  </datafield>
  <datafield tag="100" ind1="1" ind2=" ">
    <subfield code="4">aut.</subfield>
    <subfield code="a">Nagaheba Chomachoma, Diallo</subfield>
  </datafield>
  <datafield tag="245" ind1="1" ind2="0">
    <subfield code="a">Impact socio-politique de la p&#xE9;n&#xE9;tration massive des refugi&#xE9;s rwandais et burundais dans la plaine de la rusizi en RDC (1959-1996)</subfield>
    <subfield code="c">Diallo Nagaheba Chomachoma;Joseph Gahama,directeur</subfield>
  </datafield>
  <datafield tag="260" ind1=" " ind2=" ">
    <subfield code="a">Bujumbura</subfield>
    <subfield code="b">Universit&#xE9; du burundi,facult&#xE9; des lettres et sciences humaines</subfield>
    <subfield code="c">2024</subfield>
  </datafield>
  <datafield tag="300" ind1=" " ind2=" ">
    <subfield code="a">XIII-126f</subfield>
    <subfield code="c">30cm</subfield>
  </datafield>
  <datafield tag="502" ind1=" " ind2=" ">
    <subfield code="a">M&#xE9;moire pr&#xE9;sent&#xE9; et soutenu publiquement en vue de l&#xB4;obtention  du dipl&#xF4;me de Master en Histoire et Patrimoine</subfield>
  </datafield>
  <datafield tag="650" ind1=" " ind2="7">
    <subfield code="2">BI-BuBU</subfield>
    <subfield code="a">R&#xE9;fugi&#xE9;s rwandais</subfield>
    <subfield code="v">p&#xE9;n&#xE9;tration massive</subfield>
    <subfield code="x">impact socio-politique</subfield>
    <subfield code="y">1959-1996</subfield>
    <subfield code="z">ruzizi .RDC</subfield>
  </datafield>
  <datafield tag="650" ind1=" " ind2="7">
    <subfield code="a">R&#xE9;fugi&#xE9;s burundais</subfield>
    <subfield code="v">p&#xE9;n&#xE9;tration massive</subfield>
    <subfield code="x">impact socio-politique</subfield>
    <subfield code="y">1959-1996 </subfield>
    <subfield code="z">rusizi . RDC</subfield>
    <subfield code="2">BI-BuBU</subfield>
  </datafield>
  <datafield tag="655" ind1=" " ind2="7">
    <subfield code="2">BI-BuBU</subfield>
    <subfield code="a">memoire</subfield>
  </datafield>
  <datafield tag="700" ind1="1" ind2=" ">
    <subfield code="4">dir.</subfield>
    <subfield code="a">Gahama,Joseph </subfield>
  </datafield>
  <datafield tag="710" ind1=" " ind2=" ">
    <subfield code="a">Facult&#xE9; des lettres et sciences humaines </subfield>
    <subfield code="4">aut.</subfield>
  </datafield>
  <datafield tag="942" ind1=" " ind2=" ">
    <subfield code="2">udc</subfield>
    <subfield code="c">MEM</subfield>
  </datafield>
  <datafield tag="999" ind1=" " ind2=" ">
    <subfield code="c">53981</subfield>
    <subfield code="d">53981</subfield>
  </datafield>
  <datafield tag="952" ind1=" " ind2=" ">
    <subfield code="0">0</subfield>
    <subfield code="1">0</subfield>
    <subfield code="2">udc</subfield>
    <subfield code="4">0</subfield>
    <subfield code="7">0</subfield>
    <subfield code="9">85843</subfield>
    <subfield code="a">BC</subfield>
    <subfield code="b">BC</subfield>
    <subfield code="d">2026-06-09</subfield>
    <subfield code="l">0</subfield>
    <subfield code="o">325.11 NAG.</subfield>
    <subfield code="p">5010000672881</subfield>
    <subfield code="r">2026-06-09</subfield>
    <subfield code="w">2026-06-09</subfield>
    <subfield code="y">MEM</subfield>
  </datafield>
</record>
